Дело об увольнении от службы портных подмастерьев Николая Спицына и Владимира Андреева

Доступно только в Электронных читальных залах Найти на картеНа карте
RUSMARC
00003644nmc2a22000003x 450
0013c427ac0-be06-4ad7-8d85-5de5ace94459
00520181129111720.0
100##$a20170111l18261855k l0rusy0189 ca
1010#$arus
102##$aRU
2001#$aДело об увольнении от службы портных подмастерьев Николая Спицына и Владимира Андреева
$j14 июля 1826 г. - 26 февраля 1855 г.
251##$cДело
300##$aДело
801#0$aRU
$bРГИА
$c20170111
$gRCR
801#1$aRU
$bГлавНИВЦ
$c20170111
$2rusmarc
801#2$aRU
$bПБ им. Б.Н. Ельцина
$c20181129
$gRCR
$2rusmarc
850##$aРГИА
852##$aРГИА
$eФедеральное казенное учреждение "Российский государственный исторический архив" (РГИА)
$j3070
937##$hРГИА
$d12234901
$aASBIBLIO_SCAN
462#0$1001dd3991dc-24e1-42ec-8838-ca4255420416
$12001
$aДирекция императорских театров (1746-1850 гг.)
$1251
$cОпись
$1852
$j1
461#0$10019264ebf8-de62-4f1a-9eb4-9f22098dbbd5
$12001
$aДирекция императорских театров Министерства императорского двора
$1251
$cФонд
$1852
$j497
215##$a17 л.
$d36,5х26 см
371##$aДокумент не является опубликованным и широко распространяемым
105##$ay###
1222#$ad
035##$a3c427ac0-be06-4ad7-8d85-5de5ace94459
856##$uhttp://readingroom.main.prlib.ru/item.aspx?id_node=n121133643&mode=full
Формат отображения